[Event "17. Bayer Open"]
[Site "Leverkusen"]
[Date "2019.01.07"]
[Round "1.1"]
[White "Balduan, Markus"]
[Black "Lasser, Rene"]
[Result "1-0"]
[WhiteElo "2312"]
[BlackElo "1410"]
[PlyCount "49"]
[EventDate "2019.??.??"]
[WhiteTeam "TV Witzhelden"]
[BlackTeam "Königsspringer Leverkusen"]

1. Nf3 d5 2. d4 Nf6 3. c4 c6 4. Nc3 Bg4 5. Ne5 Nbd7 6. Nxg4 Nxg4 7. cxd5 Nb6 8.
e4 Nf6 9. dxc6 bxc6 10. Ba6 e6 11. Bb7 Rc8 12. Bxc8 Qxc8 13. Bg5 Nfd7 14. Rc1
Qa6 15. Qe2 Qxe2+ 16. Kxe2 f6 17. Be3 Bd6 18. Rhd1 Ke7 19. d5 c5 20. dxe6 Kxe6
21. Nb5 Be5 22. f4 Bxb2 23. Rc2 Na4 24. Rd6+ Ke7 25. Ra6 1-0

[Event "17. Bayer Open"]
[Site "Leverkusen"]
[Date "2019.01.07"]
[Round "1.2"]
[White "Linke, Michael"]
[Black "Marcziter, Dmitrii"]
[Result "0-1"]
[WhiteElo "1819"]
[BlackElo "2233"]
[PlyCount "64"]
[EventDate "2019.??.??"]
[BlackTeam "DJK Aufwärts Aachen"]

1. Nf3 Nf6 2. c4 g6 3. Nc3 Bg7 4. e4 d6 5. d4 O-O 6. h3 Na6 7. Bg5 c5 8. d5 h6
9. Bf4 e6 10. dxe6 Bxe6 11. Qd2 Kh7 12. Be2 Qb6 13. O-O Rad8 14. Rfe1 Nb4 15.
Bf1 Nc6 16. Nd5 Bxd5 17. exd5 Nd4 18. Nxd4 cxd4 19. Rab1 Rfe8 20. Bd3 Nd7 21.
b4 Ne5 22. Bxe5 Bxe5 23. f4 Bf6 24. Rxe8 Rxe8 25. f5 g5 26. Qd1 Re3 27. Qh5 Kg7
28. Rb3 Qc7 29. Be2 Qe7 30. Kf2 Rxb3 31. axb3 Qe3+ 32. Kf1 d3 0-1

[Event "17. Bayer Open"]
[Site "Leverkusen"]
[Date "2019.01.07"]
[Round "1.3"]
[White "Stillger, Bernhard"]
[Black "Witte, Volker"]
[Result "1-0"]
[WhiteElo "2228"]
[BlackElo "1601"]
[PlyCount "85"]
[EventDate "2019.??.??"]
[WhiteTeam "SV Mülheim-Nord"]
[BlackTeam "SF Schlebusch"]

1. Nf3 Nf6 2. g3 g6 3. b3 Bg7 4. Bb2 O-O 5. Bg2 d6 6. d4 c5 7. O-O cxd4 8. Nxd4
Ng4 9. c4 a6 10. Nc3 Ne5 11. Qd2 Nbc6 12. e3 Rb8 13. Nde2 Bh3 14. f4 Bxg2 15.
Kxg2 Ng4 16. h3 Nh6 17. Rac1 Kh8 18. Nd5 f6 19. Rfd1 Nf7 20. e4 e6 21. Ne3 Qa5
22. Qxa5 Nxa5 23. b4 Nc6 24. b5 axb5 25. cxb5 Na7 26. a4 Rfc8 27. Nc4 Rd8 28.
Nd4 e5 29. Ne6 Rdc8 30. Nb6 Rxc1 31. Rxc1 Nd8 32. f5 Nxe6 33. fxe6 Re8 34. Rc7
h5 35. Rxb7 Nc8 36. Rb8 Nxb6 37. Rxe8+ Kh7 38. e7 Nxa4 39. Ba1 Nc5 40. Rc8 Nb3
41. e8=Q Nxa1 42. Qg8+ Kh6 43. Rc7 1-0

[Event "17. Bayer Open"]
[Site "Leverkusen"]
[Date "2019.01.07"]
[Round "1.4"]
[White "Meyer, Stefan"]
[Black "Sohlmann, Jan-Henning"]
[Result "0-1"]
[WhiteElo "1756"]
[BlackElo "2185"]
[PlyCount "112"]
[EventDate "2019.??.??"]
[WhiteTeam "Ratinger SK"]
[BlackTeam "SV Welper"]

1. d4 Nf6 2. c4 g6 3. Nc3 Bg7 4. e4 d6 5. h3 O-O 6. Bg5 c6 7. Bd3 e5 8. d5 a5
9. Nge2 Na6 10. g4 Nc5 11. Bc2 a4 12. Ng3 Qa5 13. dxc6 a3 14. cxb7 Bxb7 15. b4
Qxb4 16. Bd2 Qxc4 17. Qe2 Qxe2+ 18. Kxe2 Ne6 19. Rhc1 Nf4+ 20. Kf1 Nxh3 21. f3
Ba6+ 22. Ke1 Rfc8 23. Nf1 h6 24. Ne3 Nf4 25. Rcb1 Bf8 26. Rb6 Nd7 27. Rb3 Nc5
28. Rxa3 Ncd3+ 29. Bxd3 Nxd3+ 30. Kd1 d5 31. Rxa6 Rxa6 32. Ncxd5 Kg7 33. Ke2
Nc5 34. Bc3 f6 35. Bb4 Ne6 36. Bxf8+ Rxf8 37. Kd2 Rfa8 38. Nc3 Nd4 39. Rf1 Ra5
40. Ned5 Rxa2+ 41. Kd3 Ra1 42. Rf2 Rg1 43. Rb2 Ra7 44. Rb6 Rf7 45. Ne2 Nxe2 46.
Kxe2 Rg2+ 47. Ke3 h5 48. gxh5 gxh5 49. f4 h4 50. Kf3 h3 51. Ne3 Ra2 52. Rb1 Rc7
53. Rh1 h2 54. fxe5 fxe5 55. Ng4 Rc3+ 56. Ne3 Raa3 0-1

[Event "17. Bayer Open"]
[Site "Leverkusen"]
[Date "2019.01.07"]
[Round "1.5"]
[White "Mohaupt, Sascha"]
[Black "Fröhling, Ewald"]
[Result "1-0"]
[WhiteElo "2161"]
[BlackElo "1415"]
[PlyCount "37"]
[EventDate "2019.??.??"]
[WhiteTeam "SV Wermelskirchen"]
[BlackTeam "Pulheimer SC"]

1. e4 d5 2. exd5 Qxd5 3. Nc3 Qa5 4. d4 c6 5. Nf3 Nf6 6. Ne5 Bf5 7. g4 Bg6 8. h4
Be4 9. Nc4 Qc7 10. Nxe4 Nxe4 11. Qf3 Nf6 12. Bf4 Qd7 13. g5 Nd5 14. Bxb8 Rxb8
15. Ne5 Qe6 16. Bh3 f5 17. Bxf5 Qg8 18. Qg4 g6 19. Bxg6+ 1-0

[Event "17. Bayer Open"]
[Site "Leverkusen"]
[Date "2019.01.07"]
[Round "1.6"]
[White "Gnass, Arno"]
[Black "Gramb, Marius"]
[Result "1/2-1/2"]
[WhiteElo "1592"]
[BlackElo "2145"]
[PlyCount "82"]
[EventDate "2019.??.??"]
[WhiteTeam "Bergische SF"]
[BlackTeam "Brühler SK"]

1. d4 Nf6 2. Nf3 e6 3. b3 d5 4. Bb2 Bd6 5. e3 O-O 6. Bd3 Nbd7 7. Nbd2 c5 8. O-O
Qc7 9. h3 e5 10. dxe5 Nxe5 11. Nxe5 Bxe5 12. Bxe5 Qxe5 13. Nf3 Qh5 14. Nh2 Qh6
15. c4 dxc4 16. Bxc4 Bf5 17. Ng4 Nxg4 18. hxg4 Be4 19. Qe2 Rfe8 20. Rfd1 Bc6
21. Rd2 Qg5 22. Bb5 Re6 23. Bxc6 Rxc6 24. Rad1 Rf8 25. Rd5 Qf6 26. Rd7 b6 27.
Rxa7 Rd6 28. Rd7 Rxd7 29. Rxd7 h6 30. Rd2 Ra8 31. Qf3 Qa1+ 32. Kh2 Re8 33. g3
Qe5 34. Qf5 Qe6 35. Qxe6 Rxe6 36. Kg2 Kh7 37. Rd7 Kg6 38. Kf1 Rc6 39. Ke2 Kf6
40. f4 Ke6 41. Rd8 Ke7 1/2-1/2

[Event "17. Bayer Open"]
[Site "Leverkusen"]
[Date "2019.01.07"]
[Round "1.7"]
[White "Peters, Alex"]
[Black "Hertling, Jürgen"]
[Result "1-0"]
[WhiteElo "2140"]
[BlackElo "1576"]
[PlyCount "57"]
[EventDate "2019.??.??"]
[WhiteTeam "Brühler SK"]
[BlackTeam "Bergische SF"]

1. b3 d5 2. Bb2 c5 3. e3 Nc6 4. Bb5 e6 5. f4 Nf6 6. Nf3 Bd7 7. O-O Be7 8. Bxc6
Bxc6 9. Ne5 O-O 10. Nxc6 bxc6 11. d3 d4 12. e4 Qd7 13. Nd2 h6 14. Qf3 Nh7 15.
Nc4 f6 16. a4 Bd6 17. Ba3 e5 18. Qh5 Qe7 19. Rf3 Bc7 20. g3 Rf7 21. Raf1 Raf8
22. Kg2 f5 23. fxe5 Bxe5 24. Rxf5 Rxf5 25. Rxf5 Rxf5 26. Qxf5 Bc7 27. Bxc5 Qd8
28. Qe6+ Kh8 29. Qe7 1-0

[Event "17. Bayer Open"]
[Site "Leverkusen"]
[Date "2019.01.07"]
[Round "1.8"]
[White "Kronseder, Michael"]
[Black "Lindam, Ingo"]
[Result "0-1"]
[WhiteElo "1655"]
[BlackElo "2123"]
[PlyCount "53"]
[EventDate "2019.??.??"]
[WhiteTeam "SV Hürth-Berrenrath"]
[BlackTeam "Kölner SK Dr. Lasker"]

1. e4 c5 2. Nc3 a6 3. f4 b5 4. Nf3 Bb7 5. Be2 b4 6. Na4 Qa5 7. b3 Bxe4 8. O-O
Nf6 9. Ng5 Bc6 10. Nb2 d5 11. c4 h6 12. Nf3 e6 13. cxd5 Bxd5 14. f5 Be7 15. Ne5
exf5 16. Nbc4 Qc7 17. d3 Nc6 18. Bf4 Qb7 19. Nxc6 Qxc6 20. Ne3 g6 21. Qd2 Rd8
22. Nxd5 Nxd5 23. Bxh6 Bf6 24. Rae1 Bd4+ 25. Kh1 Kd7 26. Bf3 Bc3 27. Qg5 0-1

[Event "17. Bayer Open"]
[Site "Leverkusen"]
[Date "2019.01.07"]
[Round "1.9"]
[White "Peschel, Andreas"]
[Black "Elshani, Shaip"]
[Result "1-0"]
[WhiteElo "2110"]
[BlackElo "1524"]
[PlyCount "71"]
[EventDate "2019.??.??"]
[WhiteTeam "SG Solingen"]
[BlackTeam "SC Bayer Leverkusen"]

1. d4 d5 2. Nf3 e6 3. c4 c6 4. g3 Be7 5. Bg2 Nf6 6. O-O O-O 7. Nc3 dxc4 8. Ne5
h6 9. Nxc4 Nd5 10. e4 Nxc3 11. bxc3 Nd7 12. e5 f5 13. exf6 Bxf6 14. Ba3 Be7 15.
Bc1 Nb6 16. Ne5 Nd5 17. Qc2 Bd7 18. Re1 Be8 19. Bh3 Nc7 20. Rb1 b6 21. a4 c5
22. Be3 Bf6 23. f4 Bxe5 24. fxe5 Qd7 25. dxc5 Nd5 26. Bf2 Qf7 27. Rf1 Rc8 28.
c4 Ne7 29. cxb6 axb6 30. Bc5 Nf5 31. Bxf8 Qxf8 32. Qf2 Bg6 33. Rxb6 Qc5 34.
Rxe6 Ne3 35. Rxg6 Nxf1 36. Bxc8 1-0

[Event "17. Bayer Open"]
[Site "Leverkusen"]
[Date "2019.01.07"]
[Round "1.10"]
[White "Ipekyilmaz, Tayfun"]
[Black "Ramien, David"]
[Result "0-1"]
[WhiteElo "1687"]
[BlackElo "2119"]
[PlyCount "79"]
[EventDate "2019.??.??"]
[WhiteTeam "Langenfelder SF"]
[BlackTeam "SG Porz"]

1. e4 c5 2. Nf3 d6 3. Nc3 Nc6 4. Bc4 Nf6 5. d3 e6 6. O-O Be7 7. Bf4 O-O 8. e5
Nh5 9. exd6 Nxf4 10. dxe7 Qxe7 11. Qd2 Qc7 12. Ne4 b6 13. Ng3 Na5 14. Ne2 Nxc4
15. dxc4 Ng6 16. Rfd1 Bb7 17. Ne1 Qe5 18. c3 Nh4 19. Qe3 Qxe3 20. fxe3 Rfd8 21.
Kf2 Be4 22. Rac1 h6 23. Nf3 Ng6 24. Nf4 Bxf3 25. Rxd8+ Rxd8 26. Kxf3 Ne5+ 27.
Ke2 Nxc4 28. Rc2 Kf8 29. Nd3 f6 30. b4 Na3 31. Rb2 c4 32. Ne1 Ke7 33. Nf3 Rd3
34. Nd2 Rxc3 35. Kf3 Rd3 36. Nxc4 Nxc4 37. Rc2 Rxe3+ 38. Kf2 Re4 39. Kf3 f5 40.
g4 0-1

[Event "17. Bayer Open"]
[Site "Leverkusen"]
[Date "2019.01.07"]
[Round "1.11"]
[White "Bruchmann, Norbert"]
[Black "Elsweiler, Karl-Heinz"]
[Result "1-0"]
[WhiteElo "2104"]
[BlackElo "1565"]
[PlyCount "51"]
[EventDate "2019.??.??"]
[WhiteTeam "SG Ennepe-Ruhr-Süd"]
[BlackTeam "SV Opladen"]

1. e4 d6 2. Nc3 Nf6 3. d4 g6 4. Bg5 Bg7 5. e5 dxe5 6. dxe5 Qxd1+ 7. Rxd1 O-O 8.
exf6 exf6 9. Be3 Re8 10. Nd5 Na6 11. Bxa6 bxa6 12. Nxc7 Bb7 13. Ne2 Bxg2 14.
Rg1 Bf3 15. Nxa8 Rxa8 16. Rd7 f5 17. c3 Re8 18. Nd4 Bxd4 19. Rxd4 Rb8 20. Rg3
Be4 21. Bh6 f6 22. c4 Rxb2 23. Rb3 Rxa2 24. Rd7 Ra1+ 25. Ke2 Ra2+ 26. Ke3 1-0

[Event "17. Bayer Open"]
[Site "Leverkusen"]
[Date "2019.01.07"]
[Round "1.13"]
[White "Wille, Thomas"]
[Black "Hasanovic, Huzeir"]
[Result "1-0"]
[WhiteElo "2029"]
[BlackElo "1534"]
[PlyCount "89"]
[EventDate "2019.??.??"]
[WhiteTeam "Velberter SG"]
[BlackTeam "SV Opladen"]

1. c4 Nf6 2. g3 g6 3. Bg2 c6 4. b3 Bg7 5. Bb2 O-O 6. Qc2 d5 7. d3 d4 8. Nf3 c5
9. b4 Nc6 10. bxc5 Qa5+ 11. Nbd2 e5 12. O-O Qxc5 13. Qb3 a5 14. Ba3 Nb4 15.
Rab1 Re8 16. Bxb4 axb4 17. Qxb4 Qc6 18. Nxd4 Qd7 19. Nc2 Bf8 20. Qb5 Qe6 21.
Ne4 Nd7 22. Ne3 h6 23. Nd5 Bd6 24. c5 Bb8 25. Nef6+ Nxf6 26. Nxf6+ Kf8 27.
Qxe8+ Qxe8 28. Nxe8 Kxe8 29. Bxb7 Bxb7 30. Rxb7 Ba7 31. Rc1 h5 32. Rc2 g5 33.
Kg2 Bb8 34. Rcb2 Ba7 35. R2b5 f5 36. Rh7 Rd8 37. Rxa7 e4 38. dxe4 fxe4 39. c6
Rc8 40. Rxg5 Kf8 41. Rxh5 Kg8 42. Rd5 e3 43. f4 Kf8 44. h4 Ke8 45. Rh5 1-0

[Event "17. Bayer Open"]
[Site "Leverkusen"]
[Date "2019.01.07"]
[Round "1.14"]
[White "Falge, Rainer"]
[Black "Bär, Marco"]
[Result "0-1"]
[WhiteElo "1524"]
[BlackElo "2088"]
[PlyCount "56"]
[EventDate "2019.??.??"]
[WhiteTeam "Langenfelder SF"]
[BlackTeam "SC Bayer Leverkusen"]

1. e4 c5 2. Nf3 g6 3. Bc4 Bg7 4. c3 e6 5. O-O Ne7 6. d4 cxd4 7. cxd4 d5 8. exd5
exd5 9. Bb5+ Nbc6 10. h3 O-O 11. Re1 a6 12. Ba4 b5 13. Bc2 Bf5 14. Be3 Rc8 15.
Nc3 Bxc2 16. Qxc2 b4 17. Na4 Nxd4 18. Qd1 Nc2 19. Bc5 Nxe1 20. Qxe1 Re8 21.
Qxb4 Nf5 22. Rd1 Rb8 23. Qa3 Bf8 24. b4 a5 25. Bxf8 Rxf8 26. bxa5 Qxa5 27. Ne5
Ra8 28. Nd7 Qxa4 0-1

[Event "17. Bayer Open"]
[Site "Leverkusen"]
[Date "2019.01.07"]
[Round "1.15"]
[White "Heller, Achim"]
[Black "Kinnert, Reinhard"]
[Result "1-0"]
[WhiteElo "2044"]
[BlackElo "1603"]
[PlyCount "107"]
[EventDate "2019.??.??"]
[WhiteTeam "SG Ennepe-Ruhr-Süd"]
[BlackTeam "TV Witzhelden"]

1. d4 Nf6 2. c4 c5 3. d5 g6 4. Nf3 Bg7 5. Nc3 d6 6. Bf4 O-O 7. Qd2 Bf5 8. Nh4
Qc8 9. h3 Ne4 10. Nxe4 Bxe4 11. f3 Bf5 12. e4 Bd7 13. Bh6 f6 14. Bxg7 Kxg7 15.
f4 Na6 16. Bd3 Nc7 17. a4 e5 18. fxe5 fxe5 19. Nf3 Rf4 20. O-O-O Bxa4 21. Rdf1
Qd8 22. g3 Rf7 23. Ng5 Rxf1+ 24. Rxf1 Be8 25. h4 h6 26. Ne6+ Nxe6 27. dxe6 a5
28. Bc2 Qe7 29. Qf2 a4 30. Kb1 b5 31. cxb5 Bxb5 32. Qf7+ Qxf7 33. Rxf7+ Kg8 34.
Rb7 Bc4 35. e7 Kf7 36. Rd7 Ke8 37. Rxd6 Bf7 38. Rc6 c4 39. Rc7 Be6 40. Bd1 a3
41. bxa3 Rxa3 42. Kb2 Ra5 43. Kc3 Bd7 44. Kxc4 Ra3 45. Bc2 Rxg3 46. Kd5 Kxe7
47. Ba4 Rd3+ 48. Kxe5 g5 49. h5 Kd8 50. Ra7 Bg4 51. Rh7 Ra3 52. Bc6 Bxh5 53.
Rxh6 Ra5+ 54. Kd6 1-0

[Event "17. Bayer Open"]
[Site "Leverkusen"]
[Date "2019.01.07"]
[Round "1.16"]
[White "Janssen, Wolfgang"]
[Black "ter Steeg, Marcus"]
[Result "0-1"]
[WhiteElo "1573"]
[BlackElo "2068"]
[PlyCount "52"]
[EventDate "2019.??.??"]
[WhiteTeam "SV Dormagen"]
[BlackTeam "SF Essen-Werden"]

1. e4 e5 2. Nf3 Nc6 3. c4 Nf6 4. d3 Bc5 5. Be2 O-O 6. O-O h6 7. Re1 Ng4 8. Rf1
f5 9. h3 Nf6 10. Nc3 d6 11. exf5 Bxf5 12. Na4 Qd7 13. Be3 Bxe3 14. fxe3 e4 15.
Nh4 Bh7 16. g4 exd3 17. Bxd3 Bxd3 18. Qxd3 Ne5 19. Qc2 Nfxg4 20. Qe2 Qxa4 21.
b3 Qd7 22. e4 Nf6 23. Nf5 g6 24. Qg2 Kh7 25. Ne3 Nh5 26. Qh2 Nf3+ 0-1

[Event "17. Bayer Open"]
[Site "Leverkusen"]
[Date "2019.01.07"]
[Round "1.17"]
[White "Vulic, Goran"]
[Black "Plitzner, Hans Joachim"]
[Result "0-1"]
[WhiteElo "1822"]
[BlackElo "1666"]
[PlyCount "58"]
[EventDate "2019.??.??"]
[WhiteTeam "Brühler SK"]
[BlackTeam "Kölner SK Dr. Lasker"]

1. e4 c6 2. Nf3 d5 3. exd5 cxd5 4. d4 Nc6 5. Bb5 Qb6 6. Nc3 e6 7. Ne5 Nf6 8.
Bg5 Be7 9. O-O O-O 10. Bxc6 bxc6 11. Qf3 Qc7 12. Rfe1 Rb8 13. Bf4 Bd6 14. Rab1
c5 15. dxc5 Qxc5 16. Nd3 Qc7 17. Qg3 Bxf4 18. Nxf4 Ba6 19. Nh5 Qxg3 20. Nxf6+
gxf6 21. hxg3 Rfc8 22. Red1 Kg7 23. Rdc1 Rc7 24. a3 d4 25. Na2 Rbc8 26. c3 Bc4
27. b3 Bd3 28. c4 Bxb1 29. Rxb1 Rb7 0-1

[Event "17. Bayer Open"]
[Site "Leverkusen"]
[Date "2019.01.07"]
[Round "1.18"]
[White "Stuch, Hans-Ferdinand"]
[Black "Ljuboschiz, Alexander"]
[Result "0-1"]
[WhiteElo "1541"]
[BlackElo "1983"]
[PlyCount "64"]
[EventDate "2019.??.??"]
[WhiteTeam "Godesberger SK"]
[BlackTeam "SC Tornado Hochneukirch"]

1. d4 Nf6 2. Nf3 c5 3. e3 g6 4. Bd3 Bg7 5. c3 b6 6. O-O O-O 7. Nbd2 Bb7 8. Qe2
d6 9. Rd1 Nbd7 10. e4 e5 11. dxe5 dxe5 12. Nc4 Qc7 13. Bc2 Ne8 14. Bg5 f6 15.
Bc1 Rd8 16. a4 a6 17. Be3 Bc6 18. Na3 Nd6 19. Nd2 b5 20. axb5 axb5 21. f3 Ra8
22. Qf2 b4 23. cxb4 cxb4 24. Bb3+ Kh8 25. Nac4 Nb5 26. Nb6 Nxb6 27. Bxb6 Qb7
28. h3 f5 29. exf5 gxf5 30. Nc4 e4 31. Nd6 Nxd6 32. Rxd6 Rxa1+ 0-1

[Event "17. Bayer Open"]
[Site "Leverkusen"]
[Date "2019.01.07"]
[Round "1.19"]
[White "Borchert, Stephan"]
[Black "Gülden, Ralf"]
[Result "1-0"]
[WhiteElo "2046"]
[BlackElo "1501"]
[PlyCount "41"]
[EventDate "2019.??.??"]
[WhiteTeam "SG Solingen"]
[BlackTeam "Königsspringer Leverkusen"]

1. e4 c5 2. Nf3 d6 3. d4 cxd4 4. Nxd4 Nf6 5. Nc3 g6 6. Be2 Bg7 7. Be3 O-O 8.
O-O a6 9. a4 Nbd7 10. Nb3 b6 11. f4 Nc5 12. Nxc5 dxc5 13. e5 Qxd1 14. Raxd1 Ng4
15. Bc1 Be6 16. Nd5 Bxd5 17. Rxd5 Nh6 18. g4 Kh8 19. Rd7 Ng8 20. Rfd1 Rfb8 21.
Bf3 1-0

[Event "17. Bayer Open"]
[Site "Leverkusen"]
[Date "2019.01.07"]
[Round "1.20"]
[White "Hoeper, Heinz-Joachim"]
[Black "Moors, Christoph"]
[Result "0-1"]
[WhiteElo "1365"]
[BlackElo "1968"]
[PlyCount "84"]
[EventDate "2019.??.??"]
[WhiteTeam "Pulheimer SC"]
[BlackTeam "SC Erkrath"]

1. Nf3 Nf6 2. g3 d5 3. d3 e6 4. Bg2 Be7 5. O-O O-O 6. Nbd2 c5 7. c4 Nc6 8. b3
e5 9. cxd5 Nxd5 10. Bb2 f6 11. Nc4 Be6 12. a3 Qd7 13. e4 Nc7 14. Ne1 Rfd8 15.
f4 b5 16. Ne3 Nd4 17. Bxd4 cxd4 18. Nf5 Bxf5 19. exf5 Rac8 20. fxe5 fxe5 21. b4
Nd5 22. Qb3 Rc3 23. Bxd5+ Qxd5 24. Qxd5+ Rxd5 25. Rf3 Rd7 26. Kg2 a5 27. Rf2
Ra7 28. bxa5 Rxa5 29. Rfa2 Rcxa3 30. Rxa3 Rxa3 31. Rxa3 Bxa3 32. Nc2 Bc5 33.
Kf3 b4 34. Na1 Kf7 35. Ke4 Kf6 36. g4 g6 37. Nb3 Bb6 38. h4 gxf5+ 39. gxf5 h5
40. Kd5 Kxf5 41. Nd2 Bd8 42. Nf3 b3 0-1

[Event "17. Bayer Open"]
[Site "Leverkusen"]
[Date "2019.01.07"]
[Round "1.21"]
[White "Kies, Werner"]
[Black "Diaubalick, Ulrich"]
[Result "1-0"]
[WhiteElo "1870"]
[BlackElo "1504"]
[PlyCount "27"]
[EventDate "2019.??.??"]
[WhiteTeam "SC Bayer Leverkusen"]
[BlackTeam "SF Düsseldorf-Süd"]

1. e4 e6 2. d4 b6 3. c4 Bb7 4. Nc3 Nf6 5. Bd3 Be7 6. Nf3 d5 7. cxd5 exd5 8. e5
Ne4 9. O-O O-O 10. Qc2 f5 11. Nd2 Bc8 12. f3 Ng5 13. Nxd5 Qxd5 14. Bc4 1-0

[Event "17. Bayer Open"]
[Site "Leverkusen"]
[Date "2019.01.07"]
[Round "1.22"]
[White "Paul, André David"]
[Black "Claßen, Harald"]
[Result "1/2-1/2"]
[WhiteElo "1658"]
[BlackElo "2013"]
[PlyCount "64"]
[EventDate "2019.??.??"]
[WhiteTeam "Kölner SK Dr. Lasker"]
[BlackTeam "SC Bayer Leverkusen"]

1. d4 d5 2. c4 dxc4 3. Nc3 a6 4. a4 e5 5. Nf3 exd4 6. Nxd4 c5 7. Nf3 Qxd1+ 8.
Kxd1 Be6 9. Ng5 Nc6 10. Nxe6 fxe6 11. Bd2 Nf6 12. e3 Na5 13. Kc2 Rd8 14. Rd1
Kf7 15. Be2 Be7 16. e4 Nb3 17. Bxc4 Nxd2 18. Rxd2 Rxd2+ 19. Kxd2 Rd8+ 20. Ke2
Rd4 21. Bd3 e5 22. b3 Bd8 23. f3 Ba5 24. Bc4+ Rxc4 25. bxc4 Bxc3 26. Kd3 Bb4
27. Kc2 Ke6 28. Rd1 Nd7 29. Rd3 Ba5 30. Kb3 Nb8 31. Rd5 Nc6 32. Rxc5 Bb6
1/2-1/2

[Event "17. Bayer Open"]
[Site "Leverkusen"]
[Date "2019.01.07"]
[Round "1.23"]
[White "Raupach, Gregor"]
[Black "Milz, Ulrich"]
[Result "1-0"]
[WhiteElo "1876"]
[BlackElo "1379"]
[PlyCount "65"]
[EventDate "2019.??.??"]
[WhiteTeam "SF Stadtverwaltung Bonn"]
[BlackTeam "SC Bayer Leverkusen"]

1. d4 e6 2. c4 b6 3. Nc3 h6 4. g3 Bb7 5. e4 Nf6 6. Bg2 Bb4 7. Qd3 O-O 8. Nge2
d5 9. cxd5 exd5 10. e5 Ne4 11. Be3 Bxc3+ 12. Nxc3 Nxc3 13. Qxc3 Ba6 14. Rc1 c6
15. f4 Qd7 16. Kf2 Qf5 17. Rhe1 Qd3 18. Qb4 Qb5 19. Qa3 Qd3 20. Rc3 Qb5 21. b4
c5 22. dxc5 bxc5 23. bxc5 Bb7 24. Rd1 Qd7 25. Rcd3 Qf5 26. Bxd5 Bxd5 27. Rxd5
a5 28. Qa4 Ra6 29. Rd8 Nc6 30. Rxf8+ Kxf8 31. Qb5 Nb4 32. Rd8+ Ke7 33. Qe8# 1-0

[Event "17. Bayer Open"]
[Site "Leverkusen"]
[Date "2019.01.07"]
[Round "1.24"]
[White "Yon, Gregory"]
[Black "Nasoyan, Maksim"]
[Result "0-1"]
[WhiteElo "1565"]
[BlackElo "1987"]
[PlyCount "48"]
[EventDate "2019.??.??"]
[WhiteTeam "Bergische SF"]
[BlackTeam "SG Ennepe-Ruhr-Süd"]

1. d4 Nf6 2. Bf4 c5 3. e3 e6 4. Nd2 Nc6 5. c3 d5 6. Bd3 Bd7 7. Ngf3 cxd4 8.
exd4 Nh5 9. Be3 Bd6 10. Ne5 g6 11. Ndf3 f6 12. Nxg6 hxg6 13. Bxg6+ Ke7 14. Nh4
Nf4 15. g3 Rxh4 16. gxh4 Nxg6 17. Rg1 Nh8 18. Rg7+ Nf7 19. Qh5 Qf8 20. Qg6 e5
21. O-O-O exd4 22. cxd4 Be6 23. f4 Qc8 24. Rg8 Nce5+ 0-1

[Event "17. Bayer Open"]
[Site "Leverkusen"]
[Date "2019.01.07"]
[Round "1.25"]
[White "Kuhn, Andreas"]
[Black "Wehr, Günter"]
[Result "1-0"]
[WhiteElo "1973"]
[BlackElo "1417"]
[PlyCount "47"]
[EventDate "2019.??.??"]
[WhiteTeam "SG Niederkassel"]
[BlackTeam "SV Opladen"]

1. Nf3 d5 2. c4 Nf6 3. cxd5 Nxd5 4. d4 Nd7 5. e4 N5b6 6. Nc3 e6 7. Be2 Be7 8.
O-O O-O 9. Bf4 Nf6 10. Nb5 Ne8 11. a4 c6 12. Nc3 a5 13. Qb3 Kh8 14. Be3 Bb4 15.
Rfd1 Nd7 16. d5 cxd5 17. exd5 e5 18. Rac1 f5 19. Ng5 Nc5 20. Qc4 Nd6 21. Qh4 h6
22. Nb5 Nce4 23. Nxd6 Bxd6 24. Nf7+ 1-0

[Event "17. Bayer Open"]
[Site "Leverkusen"]
[Date "2019.01.07"]
[Round "1.26"]
[White "Schläbitz, Joel"]
[Black "Friedsam, Manfred"]
[Result "1-0"]
[WhiteElo "1632"]
[BlackElo "1757"]
[PlyCount "53"]
[EventDate "2019.??.??"]
[WhiteTeam "SF Köln-Longerich"]
[BlackTeam "Königsspringer Leverkusen"]

1. c4 e6 2. g3 d5 3. Bg2 c6 4. Nf3 f5 5. O-O Be7 6. Qc2 h5 7. cxd5 cxd5 8. Ne5
Bf6 9. d4 Bxe5 10. dxe5 Nc6 11. b3 Nh6 12. Rd1 Bd7 13. Nc3 Nxe5 14. Ba3 Rc8 15.
Qb2 Qf6 16. Rac1 Nhf7 17. Nxd5 exd5 18. Rxc8+ Bxc8 19. Rxd5 Ng4 20. Qc2 Qa1+
21. Rd1 Qf6 22. Qxc8+ Nd8 23. Bb2 Qe7 24. Bxb7 O-O 25. Rd7 Nc6 26. Rxe7 Rxc8
27. Rxg7+ 1-0

[Event "17. Bayer Open"]
[Site "Leverkusen"]
[Date "2019.01.07"]
[Round "1.27"]
[White "Vranidis, Athanassios"]
[Black "Shelukie, Magd"]
[Result "1-0"]
[WhiteElo "1907"]
[BlackElo "1511"]
[PlyCount "161"]
[EventDate "2019.??.??"]
[WhiteTeam "SG Solingen"]

1. d4 c6 2. c4 d5 3. e3 Nd7 4. Nf3 Ngf6 5. Nc3 Qc7 6. Be2 e5 7. dxe5 Nxe5 8.
cxd5 cxd5 9. O-O Nxf3+ 10. Bxf3 Be6 11. Bxd5 Rd8 12. Qa4+ Bd7 13. Qb3 Nxd5 14.
Nxd5 Qb8 15. e4 Bd6 16. f4 O-O 17. Be3 Rfe8 18. e5 Bf8 19. Nc3 a6 20. Rfd1 Bg4
21. Rxd8 Rxd8 22. h3 Be6 23. Qb6 Rd3 24. Rd1 Rxd1+ 25. Nxd1 Bxa2 26. Nc3 Be6
27. Ne4 Bd5 28. Nc3 Bc6 29. Ne2 Qe8 30. Nd4 Be4 31. e6 fxe6 32. Nxe6 Qg6 33. g4
Be7 34. Qb3 Qf7 35. Qc4 Bc6 36. f5 g6 37. Qf4 Bd7 38. Qb8+ Be8 39. Nc7 Kf8 40.
Bh6+ Kg8 41. Qxe8+ Qxe8 42. Nxe8 Kf7 43. Nc7 gxf5 44. gxf5 Bc5+ 45. Kg2 Kf6 46.
b4 Ba7 47. Kf3 Kxf5 48. Bg7 Bb8 49. Nd5 Ke6 50. Ke4 Bd6 51. Bc3 Bg3 52. Bd2 Bf2
53. Be3 Be1 54. Bc5 a5 55. bxa5 Bxa5 56. Bd4 Be1 57. Nf6 h6 58. Ng4 h5 59. Ne3
b5 60. Nc2 Bg3 61. Bc5 Be5 62. Nd4+ Bxd4 63. Bxd4 b4 64. Kf4 b3 65. Kg5 Kf7 66.
Kxh5 Kg8 67. Kg6 Kf8 68. h4 Kg8 69. h5 Kf8 70. h6 Kg8 71. Bb2 Kf8 72. h7 Ke7
73. h8=Q Kd6 74. Qe5+ Kc6 75. Kf7 Kd7 76. Qf6 Kc7 77. Qe6 Kb8 78. Qd7 Ka8 79.
Ke6 Kb8 80. Kd5 Ka8 81. Kc6 1-0

[Event "17. Bayer Open"]
[Site "Leverkusen"]
[Date "2019.01.07"]
[Round "1.28"]
[White "Balduan, Karl-Heinz"]
[Black "Schülke, Tilman"]
[Result "0-1"]
[WhiteElo "1500"]
[BlackElo "1843"]
[PlyCount "92"]
[EventDate "2019.??.??"]
[WhiteTeam "Königsspringer Leverkusen"]
[BlackTeam "Düsseldorfer SV"]

1. d4 d6 2. Nf3 Bg4 3. e3 Nd7 4. Be2 e6 5. O-O d5 6. h3 Bh5 7. Nh2 Bg6 8. Ng4
Bd6 9. f4 Ne7 10. Ne5 Be4 11. Nc3 f5 12. Nf3 Bxf3 13. Bxf3 O-O 14. a3 c6 15. b4
Qc7 16. g4 a5 17. b5 Kh8 18. a4 c5 19. Ne2 Nb6 20. Kf2 Nc4 21. Rg1 Qb6 22. Rb1
Rad8 23. Bb2 Nxb2 24. Rxb2 Rf7 25. Rb1 Rdf8 26. g5 Rc8 27. h4 Rff8 28. h5 Rc7
29. h6 g6 30. Rb3 Rf7 31. Rc3 cxd4 32. exd4 Rxc3 33. Nxc3 Bxf4 34. Ne2 Bc7 35.
Nc1 e5 36. c3 e4 37. Be2 f4 38. Nb3 Nf5 39. Nc5 Ne3 40. Qa1 Bb8 41. c4 Qd6 42.
cxd5 f3 43. Bd1 Nxd1+ 44. Qxd1 Qh2+ 45. Ke3 Qf4+ 46. Kf2 e3+ 0-1

[Event "17. Bayer Open"]
[Site "Leverkusen"]
[Date "2019.01.07"]
[Round "1.29"]
[White "Henseler, Klaus"]
[Black "Garcia Unterbusch, Juan"]
[Result "1-0"]
[WhiteElo "1784"]
[BlackElo "1456"]
[PlyCount "61"]
[EventDate "2019.??.??"]
[WhiteTeam "SC Bayer Leverkusen"]
[BlackTeam "Pulheimer SC"]

1. c4 e5 2. Nc3 Nf6 3. g3 Bc5 4. e3 a6 5. Bg2 d6 6. Nge2 Nc6 7. a3 Be6 8. d4
exd4 9. exd4 Nxd4 10. Nxd4 Bxc4 11. Be3 O-O 12. b3 Bxd4 13. Bxd4 Re8+ 14. Be3
Be6 15. O-O c6 16. h3 Qd7 17. Kh2 Qc7 18. b4 Rad8 19. Qd4 d5 20. Bg5 Qe7 21.
Rfe1 h6 22. Bd2 Qd7 23. Na4 Bf5 24. Bc3 Be4 25. Nc5 Qc7 26. Rad1 Bxg2 27. Kxg2
Re7 28. Rxe7 Qxe7 29. Re1 Qc7 30. Qh4 Rd6 31. Be5 1-0